Регионална библиотека "Любен Каравелов" - Русе

Кутията на Пандора (Запис номер 175537)

MARC детайли
000 -Лидер
Контролно поле с фиксирана дължина 01568nam a2200349 c 4500
003 - Код на организацията, давaща контролен номер
Контролно поле BLK
005 - Дата и час на последна редакция
Контролно поле 20230407110928.0
008 - Елементи от данни с фиксирана дължина
fixed length control field 180411b bul|||||r ||||||| ||bul||
010 ## - Наследен системен номер
LC control number KNG00184126000
040 ## - Източник на каталожния запис
Идентификатор на билиотеката - собственик на записа BLK
041 ## - Код за език
Код за езика на текст/звукозапис или на отделно заглавие Български
Код за езика КДБФ Български
080 ## - УДК
Текстов определител УДК Литература на Чехословакия
УДК код - определител по УДК 821.162
УДК определител -32
УДК - код + определител 821.162-32
100 1# - Редна дума - Автор
Автор Вайс, Ярослав
Авторска отговорност първи автор
R(LIN) 340221
139 ## - Редно поле
Редна дума Вайс, Ярослав
Авторски знак Ваи - В 16
245 10 - Сведения за заглавието
Заглавие Кутията на Пандора
Подзаглавни данни Разкази
Редно поле (дума) Ярослав Вайс; състав. и предг. от Светослав Славчев; състав. Злата Куфнерова; прев. от чеш. Матилда Бераха-Теофилова.
257 ## - Страна на издаване
Страна на създаване/издаване Чехословакия
260 ## - Област на издателските данни
Име на издателя, разпространителя и проч. Георги Бакалов
Година на издаване 1988
Печатница София : Г. Димитров
Място на издаване, разпространение и проч. Варна
300 ## - Физическа характеристика
Страници 254 с.
Размери/Мащаб 16 см
380 ## - Жанр
Жанр Худож. лит.
490 ## - СЕРИИ (Колекции)
Име на серия Библиотека Галактика
№: серия № 95
500 ## - Общи забележки
Забележка Прев. е направен от Experiment pro treti planetu ; Pandorina skrinka ; More casu / Jaroslav Veis.
653 ## - Ключова дума – ненормативна
Ключова дума разкази
653 ## - Ключова дума – ненормативна
Ключова дума фантастика
700 1# - Други автори (авторска отговорност)
Лично име Славчев, Светослав
Автороска отговорност (Описва отношението между автора и произведението) състав. и предг. от
9 (RLIN) 370044
700 1# - Други автори (авторска отговорност)
Лично име Куфнерова, Злата
Автороска отговорност (Описва отношението между автора и произведението) състав.
9 (RLIN) 85987
700 1# - Други автори (авторска отговорност)
Лично име Бераха-Теофилова, Матилда
Автороска отговорност (Описва отношението между автора и произведението) прев. от чеш.
9 (RLIN) 38375
852 ## - Местоположение
Форматна сигнатура Цб І 24176
856 4# - Електронен адрес и достъп
Електронен формат pdf - файл
Инструкция (цена за достъп) 0.00
Права за достъп disable
856 4# - Електронен адрес и достъп
Електронен формат pdf - файл
Инструкция (цена за достъп) 0.00
Права за достъп disable
999 ## - СИСТЕМНИ КОНТРОЛНИ НОМЕРА
Koha biblionumber 175537
Koha biblioitemnumber 175537
942 ## - АРТИКУЛИ
Вид на библиотечния материал Книги
Скрит в OPAC Не
Периодичен библиозапис Да
944 ## - СЪЗДАВАНЕ И РЕДАКЦИЯ на ЗАПИСА
Създаване/Редакция Създаване
Дата на регистрацията/редакция 27.10.2015
Служител, извършил регистрацията/редакцията Елица_Владова
944 ## - СЪЗДАВАНЕ И РЕДАКЦИЯ на ЗАПИСА
Създаване/Редакция Редакция
Дата на регистрацията/редакция 27.10.2015
Служител, извършил регистрацията/редакцията Елица_Владова
999 ## - СИСТЕМНИ КОНТРОЛНИ НОМЕРА
Koha biblioitemnumber 175537
Наличности
Код за отписване Код за изгубен артикул Източник на класификационната схема Код за повреда Коз за рестрикции Код за отдаване Артикулен № Име на библиотеката - собственик Име на библиотеката, в която се намира в момента Статус (Текущо местоположение) Дата на вписване в системата Местоположение - отдел Цена в лева Инвентарен номер Систематично азбучна сигнатура Баркод Номер на екземпляра Цена в евро Служебна бележка Служебен тип на артикула Бележка за публиката
  Не е изгубен Universal Decimal Classification Не е повреден само за читалня ползва се в читалня 302120 Регионална библиотека "Любен Каравелов" Русе Регионална библиотека "Любен Каравелов" Русе Хранилище 1988-01-01 Хранилище 1.50 511871 Цб І 24176 120000511871 1 0.77 N: стар фонд Дата: 01.01.1988 Книги  
Изтеглен Не е изгубен Universal Decimal Classification Не е повреден без рестрикции заемане за дома 302121 Регионална библиотека "Любен Каравелов" Русе Регионална библиотека "Любен Каравелов" Русе Заемна - подръчен фонд 1988-01-01 Заемна - подръчен фонд 1.50 512404 П 885.0/.4-32/В 16 512404 2 0.77 N: стар фонд Дата: 01.01.1988 Книги  
Изтеглен Не е изгубен Universal Decimal Classification Не е повреден без рестрикции заемане за дома 302122 Регионална библиотека "Любен Каравелов" Русе Регионална библиотека "Любен Каравелов" Русе Заемна - подръчен фонд 1988-01-01 Заемна - подръчен фонд 1.50 513369 П 885.0/.4-32/В 16 513369 3 0.77 N: стар фонд Дата: 01.01.1988 Книги  
Изтеглен Не е изгубен Universal Decimal Classification Не е повреден без рестрикции заемане за дома 302123 Регионална библиотека "Любен Каравелов" Русе Регионална библиотека "Любен Каравелов" Русе Заемна - подръчен фонд 1988-01-01 Заемна - подръчен фонд 1.50 513370 П 885.0/.4-32/В 16 513370 4 0.77 N: стар фонд Дата: 01.01.1988 Книги  
Изтеглен Не е изгубен Universal Decimal Classification Не е повреден без рестрикции заемане за дома 302124 Регионална библиотека "Любен Каравелов" Русе Регионална библиотека "Любен Каравелов" Русе Заемна - подръчен фонд 1988-01-01 Заемна - подръчен фонд 1.50 513372 П 885.0/.4-32/В 16 513372 5 0.77 N: стар фонд Дата: 01.01.1988 Книги  
Изтеглен Не е изгубен Universal Decimal Classification Не е повреден без рестрикции заемане за дома 302125 Регионална библиотека "Любен Каравелов" Русе Регионална библиотека "Любен Каравелов" Русе Заемна - подръчен фонд 1988-01-01 Заемна - подръчен фонд 1.50 513373 П 885.0/.4-32/В 16 513373 6 0.77 N: стар фонд Дата: 01.01.1988 Книги  
Изтеглен Не е изгубен Universal Decimal Classification Не е повреден без рестрикции заемане за дома 302126 Регионална библиотека "Любен Каравелов" Русе Регионална библиотека "Любен Каравелов" Русе Заемна - подръчен фонд 1988-01-01 Заемна - подръчен фонд 1.50 513375 П 885.0/.4-32/В 16 513375 7 0.77 N: стар фонд Дата: 01.01.1988 Книги  
Изтеглен Не е изгубен   Не е повреден без рестрикции заемане за дома 302127 Регионална библиотека "Любен Каравелов" Русе Регионална библиотека "Любен Каравелов" Русе   1988-01-01 Детски отдел 1.50 512407 ДХ 820/899/В 16 512407 8 0.77 N: стар фонд Дата: 01.01.1988 Дата инв: 28.10.2015 Бележки инв: Д2015 Книги Отч.N: 37/17 , Дата: 06.09.2017
Изтеглен Не е изгубен Universal Decimal Classification Не е повреден без рестрикции заемане за дома 302128 Регионална библиотека "Любен Каравелов" Русе Регионална библиотека "Любен Каравелов" Русе Детски отдел 1988-01-01 Детски отдел 1.50 512408 ДХ 820/899/В 16 512408 9 0.77 N: стар фонд Дата: 01.01.1988 Дата инв: 28.10.2015 Бележки инв: Д2015 Книги  
Vip Innovations Ltd, Rousse, Bulgaria 2025